| 000 | 00607nam a2200241 a 4500 | ||
|---|---|---|---|
| 001 | nice12345678 | ||
| 003 | IN_TiNIC | ||
| 005 | 20260116014228.0 | ||
| 008 | 050524s2002 dela grp 000 0 eng | ||
| 020 |
_a8186706 _c350 |
||
| 082 | 0 | 0 |
_a303.66 _bBUT |
| 100 | _aButalia, Urvashi | ||
| 245 |
_aSpeaking Peace _b Women`s Voices from Kashmir |
||
| 260 |
_aDelhi _bZubaan _c2002 |
||
| 300 | _a312p | ||
| 500 | _aincludes index and biblioraphy | ||
| 505 | 2 | _aBibliography, Index | |
| 650 | _aPeace-Making | ||
| 700 | 1 | _aButalia, Urvashi | |
| 902 | _bSRS | ||
| 942 | _cBK | ||
| 999 |
_c14423 _d14423 |
||